00677nam a22002297a 4500003000500000005001700005008004100022010001000063011001000073035001000083040000900093082001400102100002800116245006100144260006200205300001000267490004400277650002300321650003300344650002600377830004400403CHAP20220329140513.0971013s1984 r 00010 d a52967 a53939 a58089 cCHAP a378.1bW300aWarren, Marion Kohashi. aAID and educationb: a sector report on lesson's learned aWashington :bAgency for International Development,c1984 a90 p. aA.I.D. Programa Evaluation Reportv; 1214aAyuda económica.14aEducaciónxFinanciamiento.14aPolítica educativa.0 aA.I.D. Programa Evaluation Reportv; 12